Shadow of night / Deborah Harkness.
A follow-up to the best-selling A Discovery of Witches finds Oxford scholar and reluctant witch Diana and vampire geneticist Matthew Clairmont in Elizabethan London, where Diana seeks a magical tutor and Matthew confronts elements from his past at the same time the mystery of Ashmole 782 deepens.
Record details
- ISBN: 9780670023486
- ISBN: 0670023485
- Physical Description: 584 pages ; 24 cm
- Publisher: New York : Viking, 2012.
Content descriptions
| Formatted Contents Note: | Woodstock : the old lodge -- Sept-Tours and the village of Saint-Lucien -- London : the Blackfriars -- The Empire : Prague -- London : the Blackfriars -- New world, old world -- Libri personae : the people of the book. |
Search for related items by subject
| Subject: | Witches > Fiction. Vampires > Fiction. Magic > Fiction. Time travel > Fiction. Great Britain > History > Tudors, 1485-1603 > Fiction. Libraries > Fiction. Magic > Fiction. |
| Genre: | Fantasy fiction. Fantasy fiction. Fantasy fiction. |
Search for related items by series
Available copies
- 1 of 1 copy available at scottsboropl.
Holds
- 0 current holds with 1 total copy.
Show Only Available Copies
| Location | Call Number / Copy Notes | Barcode | Shelving Location | Status | Due Date |
|---|---|---|---|---|---|
| scottsboropl | F Har | 32269001163461 | Adult - Fiction | Available | - |
| LDR | 05351cam a2200973 a 4500 | ||
|---|---|---|---|
| 001 | 154816 | ||
| 003 | SBPL | ||
| 005 | 20201208193813.0 | ||
| 008 | 120228s2012 nyu 000 1 eng | ||
| 010 | . | ‡a 2012005843 | |
| 020 | . | ‡a9780670023486 ‡q(hbk.) | |
| 020 | . | ‡a0670023485 ‡q(hbk.) | |
| 035 | . | ‡a(OCoLC)760974138 | |
| 043 | . | ‡ae-uk--- | |
| 050 | 0 | 0. | ‡aPS3608.A7436 ‡bS53 2012 |
| 060 | 4. | ‡aHarkness, D. | |
| 082 | 0 | 0. | ‡a813/.6 ‡223 |
| 084 | . | ‡aFIC024000 ‡aFIC027120 ‡aFIC031000 ‡2bisacsh | |
| 100 | 1 | . | ‡aHarkness, Deborah E., ‡d1965- |
| 245 | 1 | 0. | ‡aShadow of night / ‡cDeborah Harkness. |
| 260 | . | ‡aNew York : ‡bViking, ‡c2012. | |
| 300 | . | ‡a584 pages ; ‡c24 cm | |
| 336 | . | ‡atext ‡btxt ‡2rdacontent | |
| 337 | . | ‡aunmediated ‡bn ‡2rdamedia | |
| 338 | . | ‡avolume ‡bnc ‡2rdacarrier | |
| 490 | 1 | . | ‡aAll souls trilogy ; ‡vbk. 2 |
| 490 | 1 | . | ‡aAll souls universe. |
| 505 | 0 | . | ‡aWoodstock : the old lodge -- Sept-Tours and the village of Saint-Lucien -- London : the Blackfriars -- The Empire : Prague -- London : the Blackfriars -- New world, old world -- Libri personae : the people of the book. |
| 520 | . | ‡aA follow-up to the best-selling A Discovery of Witches finds Oxford scholar and reluctant witch Diana and vampire geneticist Matthew Clairmont in Elizabethan London, where Diana seeks a magical tutor and Matthew confronts elements from his past at the same time the mystery of Ashmole 782 deepens. | |
| 650 | 0. | ‡aWitches ‡vFiction. | |
| 650 | 0. | ‡aVampires ‡vFiction. | |
| 650 | 0. | ‡aMagic ‡vFiction. | |
| 650 | 0. | ‡aTime travel ‡vFiction. | |
| 651 | 0. | ‡aGreat Britain ‡xHistory ‡yTudors, 1485-1603 ‡vFiction. | |
| 650 | 1. | ‡aLibraries ‡vFiction. | |
| 650 | 1. | ‡aMagic ‡vFiction. | |
| 655 | 0. | ‡aFantasy fiction. | |
| 655 | 7. | ‡aFantasy fiction. ‡2lcgft | |
| 655 | 7. | ‡aFantasy fiction. ‡2unknown | |
| 800 | 1 | . | ‡aHarkness, Deborah E., ‡d1965- ‡tAll souls trilogy ; ‡vbk. 2. |
| 901 | . | ‡a154816 ‡b ‡c154816 ‡tbiblio | |